000
00238nam a2200097Ia 4500
001
1207198
005
20251016145343.0
008
250824s9999 xx 000 0 und d
245
0
_a
ÇERİ-2
_c
GÖKHAN ÇAYIRLI
260
_b
LOPUS YAYINLARI
999
_c
1207198
_d
1207198